| 000 | 01674ngm a22003850a 4500 | ||
|---|---|---|---|
| 001 | PT41982 | ||
| 003 | AR-LpoUNG | ||
| 005 | 20210201235919.0 | ||
| 007 | vd cvaizq | ||
| 008 | 191001s1961||||ag |||||||||||||||||jpn d | ||
| 037 | _c$54.50 | ||
| 040 |
_aAR-LpoUNG _bspa _cAR-LpoUNG _eaacr |
||
| 041 | _ajpn | ||
| 044 | _aag | ||
| 082 | 0 | _a940.53 75v3 | |
| 100 | 1 |
_aKobayashi, Masaki _edir. |
|
| 245 | 1 | 3 |
_aLa condición humana : _bla plegaria del soldado |
| 260 |
_aBuenos Aires : _bBlackman, _c1961. |
||
| 300 | _a2 DVD (195 min.) : son., col. | ||
| 505 | 0 | _aDos discos. - Subtítulos en español. - Elenco: Tatsuya Nakadai, Michiyo Aratama, Yusuke Kawazu, Tamao Nakamura, Chishu Ryu, Taketoshi Naito. | |
| 520 | _aEl final de la Segunda Guerra Mundial se aproxima; Kaji lucha contra la invasión de Manchuria llevada a cabo por el ejército ruso. Cuando su unidad es brutalmente atacada, Kaji se rinde al enemigo y es enviado a un campo de prisioneros en Liberia. Allí, juzgado como criminal de guerra, es sometido a las más crueles e inhumanas torturas que le llevarán al borde de la muerte. ,Tercera y última parte de la premiada trilogía de Masaka Kobayashi ("Harakiri"). La Plegaria del Soldado cierra magistralmente el emocionante relato del idealista e inconformista soldado Kaki forzado a adentrarse en las sombras de la Segunda Guerra Mundial. | ||
| 650 | 4 | _aCONFLICTOS | |
| 650 | 4 | _aCRIMENES | |
| 650 | 4 | _aGUERRA | |
| 650 | 4 | _aGUERRA CIVIL | |
| 650 | 4 | _aJAPON | |
| 650 | 4 | _aTORTURA | |
| 650 | 4 | _aVIOLENCIA | |
| 651 | 4 | _aJapón | |
| 653 | _aCINE JAPONES | ||
| 653 | _aDVD | ||
| 653 | _aVIDEOS | ||
| 905 | _a41982 | ||
| 942 | _cDVD | ||
| 999 |
_c53767 _d53767 |
||